Journal of regional science

Saved in:
Bibliographic Details
Format: Serial
Language:English
Published: Philadelphia Regional Science Research Institute 1979
Tags: Add Tag
No Tags, Be the first to tag this record!

MARC

LEADER 00000nas2a2200000 4500
001 0010539
005 20250730114254.3
041 0 |a eng 
044 |a US 
245 1 0 |a Journal of regional science 
264 1 |a Philadelphia  |b Regional Science Research Institute  |c 1979 
300 |a 1 zv. 
773 0 |w eu_un_cat*s123225